书目信息 |
| 题名: |
护国运动资料选编
|
|
| 作者: | 李希泌 编 | |
| 分册: | 上册 | |
| 出版信息: | 北京 中华书局 1984 |
|
| 页数: | 333页 | |
| 开本: | 21cm | |
| 丛书名: | ||
| 单 册: | ||
| 中图分类: | K258.3 | |
| 科图分类: | ||
| 主题词: | 洪宪帝制 , 反袁斗争 | |
| 电子资源: | ||
| ISBN: | ||
| 000 | 00628nam0 2200241 45 | |
| 001 | 0184012940 | |
| 005 | 20050419161535.9 | |
| 010 | @dCNY2.90 | |
| 091 | @a11018.1226 | |
| 100 | @a19950622d1984 em y0chiy0121 ea | |
| 101 | 0 | @achi |
| 102 | @aCN@b110000 | |
| 105 | @ay z 000yy | |
| 200 | 10 | @a护国运动资料选编@h上册@Ahu guo yun dong zi liao xuan bian@f李希泌等编 |
| 210 | @a北京@c中华书局@d1984 | |
| 215 | @a333页@d21cm | |
| 606 | @a洪宪帝制 | |
| 606 | 0 | @a反袁斗争 |
| 690 | @aK258.3@v3 | |
| 701 | 0 | @a李希泌@4编 |
| 801 | 0 | @aCN@b上海图书馆@c20040302 |
| 801 | 2 | @aCN@bNLC@c20040302 |
| 905 | @dK258.3@e30:1@b139555@f1 | |
| 护国运动资料选编.上册/李希泌等编.-北京:中华书局,1984 |
| 333页;21cm |
| ISBN :CNY2.90 |
| ● |
| 相关链接 |
|
|
|
|
正题名:护国运动资料选编
索取号:K258.3/30:1
 
预约/预借
| 序号 | 登录号 | 条形码 | 馆藏地/架位号 | 状态 | 备注 |
| 1 | 0139555 | 002033427 | 第二样本阅览室/ [索取号:K258.3/30:1] | 在馆 | |
| 2 | 0139556 | 001891055 | 密集书库/ [索取号:K258.3/30:1] | 在馆 |